000 00666nam a2200229 a 4500
999 _c1115
_d1115
001 1115
003 BD-JhCC
005 20171015122449.0
008 171015s2006 bg a|||| ||a| 000 0 ben d
020 _a9844832276
035 _a(BD-JhCC)1115
040 _aBD-JhCC
_dBD-JhCC
041 _aben
082 _a909
_bDBN 2006
100 _aদেবনাথ, দিলীপ
245 _aইতিহাসের খেরোখাতা /
_cদিলীপ দেবনাথ
260 _aঢাকা :
_bদিব্যপ্রকাশ,
_c২০০৬.
300 _a253 p. :
_bill. ;
_c22 cm.
650 _aCivilization
942 _2ddc
_cBK